La paradoja del trabajo de las mujeres en Marruecos. Protección sin derechos (Registro nro. 46367)
[ vista simple ]
| 000 -CABECERA | |
|---|---|
| Longitud fija campo de control | 01044naa a2200265 c 4500 |
| 001 - NÚMERO DE CONTROL | |
| Número de control | 46367 |
| 003 - IDENTIFICADOR DE NÚMERO DE CONTROL | |
| Identificador del número de control | ES-MaCES |
| 005 - FECHA Y HORA DE LA ÚLTIMA TRANSACCIÓN | |
| Fecha y hora de la última transacción | 20150909105852.0 |
| 008 - CAMPO FIJO DE DESCRIPCIÓN FIJA--INFORMACIÓN GENERAL | |
| Códigos de información de longitud fija | 150909s2015 sp ||||| t||||||| ||spa d |
| 040 ## - FUENTE DE CATALOGACIÓN | |
| Centro catalogador de origen | ES-MaCES |
| Lengua de catalogación | spa |
| Centro transcriptor | ES-MaCES |
| Centro modificado | ES-MaCES |
| 100 1# - ENCABEZAMIENTO PRINCIPAL--NOMBRE PERSONAL | |
| 9 (RLIN) | 8494 |
| Nombre de persona | Burgos Goye, María del Carmen |
| 245 13 - MENCIÓN DE TÍTULO | |
| Título | La paradoja del trabajo de las mujeres en Marruecos. Protección sin derechos |
| Mención de responsabilidad, etc. | María del Carmen Burgos Goye |
| 500 ## - NOTA GENERAL | |
| Nota general | Resumen |
| 504 ## - NOTA DE BIBLIOGRAFÍA, ETC. | |
| Nota de bibliografía, etc. | Bibliografía: p. 59-60 |
| 650 #4 - ASIENTO SECUNDARIO DE MATERIA--TÉRMINO DE MATERIA | |
| 9 (RLIN) | 27173 |
| Término de materia o nombre geográfico como elemento inicial | derechos de la mujer |
| 650 #4 - ASIENTO SECUNDARIO DE MATERIA--TÉRMINO DE MATERIA | |
| 9 (RLIN) | 28413 |
| Término de materia o nombre geográfico como elemento inicial | trabajadora |
| 650 #4 - ASIENTO SECUNDARIO DE MATERIA--TÉRMINO DE MATERIA | |
| 9 (RLIN) | 29521 |
| Término de materia o nombre geográfico como elemento inicial | discriminación por razones de sexo |
| 650 #4 - ASIENTO SECUNDARIO DE MATERIA--TÉRMINO DE MATERIA | |
| 9 (RLIN) | 30439 |
| Término de materia o nombre geográfico como elemento inicial | división del trabajo por sexo |
| 650 #4 - ASIENTO SECUNDARIO DE MATERIA--TÉRMINO DE MATERIA | |
| 9 (RLIN) | 29566 |
| Término de materia o nombre geográfico como elemento inicial | segmentación del mercado de trabajo |
| 650 #4 - ASIENTO SECUNDARIO DE MATERIA--TÉRMINO DE MATERIA | |
| 9 (RLIN) | 26826 |
| Término de materia o nombre geográfico como elemento inicial | Marruecos |
| 653 10 - TÉRMINO DE INDEXACIÓN--NO CONTROLADO | |
| Término no controlado | Mujer |
| 773 0# - ENTRADA DE DOCUMENTO FUENTE | |
| Itemnumber del ítem fuente | 83419 |
| Lugar, editor y fecha de publicación | Valladolid Lex Nova |
| Otro identificador del documento | 086319 |
| Título | Revista de derecho migratorio y extranjería |
| Número de control del registro relacionado | (ES-MaCES)26041 |
| Parte(s) relacionada(s) | año 13, n. 39 (2º cuatrim. 2015) {55/1090 R. 086319} ;p. 41-60 |
| 902 ## - CES. TIPO DE DOCUMENTO | |
| Tipodoc (006$c Sirtex) | ART Artículo de revista |
| 942 ## - ELEMENTOS KOHA | |
| Fuente de clasificaión o esquema | Clasificación propia del CES |
| Koha [por defecto] tipo de item | Artículos (1982-2017) |
| Parte de clasificación | Asuntos Sociales |
No hay ítems disponibles.
